| 000 | 00963pam a2200265 a 4500 | ||
|---|---|---|---|
| 020 | _a0803118546 | ||
| 040 | _cDLC | ||
| 082 | 0 | 0 | _a617 AST 1994 A050 Or. |
| 245 | 0 | 0 | _aCharacterization and performance of calcium phosphate coatings for implants / |
| 260 |
_aPhiladelphia, PA : _bASTM, _cc1994. |
||
| 300 |
_ax, 212 p. : _bill. ; _c23 cm. |
||
| 490 | 1 | _aSTP ; | |
| 500 | _aPapers presented at a symposium sponsored by ASTM Committee F-4 on Medical and Surgical Materials and Devices, in Miami, Fla., on Nov. 17, 1992. | ||
| 500 | _a"ASTM publication code number (PCN) 04-011960-54." | ||
| 650 | 0 | _aHydroxyapatite coating | |
| 650 | 0 | _aOrthopedic implants | |
| 650 | 0 | _aDental implants | |
| 650 | 2 | _aCalcium Phosphates | |
| 650 | 2 | _aImplants, Artificial | |
| 650 | 2 | _aBiocompatible Materials | |
| 700 | 1 | _aHorowitz, Emanuel. | |
| 700 | 1 | _aParr, Jack E. | |
| 710 | 2 | _aASTM Committee F-4 on Medical and Surgical Materials and Devices. | |
| 942 | _cEK | ||
| 999 |
_c14275 _d14275 |
||